Central Library OPAC University of Rajshahi

কুমারসম্ভবম / (Record no. 48140)

MARC details
000 -LEADER
fixed length control field 00896nam a22002417a 4500
001 - CONTROL NUMBER
control field 48140
003 - CONTROL NUMBER IDENTIFIER
rucl marc code BD-RjUL
005 - DATE AND TIME OF LATEST TRANSACTION
control field 20211209054452.0
008 - FIXED-LENGTH DATA ELEMENTS--GENERAL INFORMATION
fixed length control field 160811s1993 ii ||||| |||| 00| 0 ben d
020 ## - INTERNATIONAL STANDARD BOOK NUMBER
Terms of availability : IRs 30.00
035 ## - SYSTEM CONTROL NUMBER
System control number (BD-RjUL) 48259
040 ## - CATALOGING SOURCE
Original cataloging agency BD-RjUL
Language of cataloging ben
Transcribing agency BD-RjUL
041 ## - LANGUAGE CODE
Language code of text/sound track or separate title ben
082 ## - DEWEY DECIMAL CLASSIFICATION NUMBER
Edition number 23
Classification number 891.2
Author mark and year KAK 1993
100 ## - MAIN ENTRY--PERSONAL NAME
Personal name কালিদাস
9 (RLIN) 136545
245 10 - TITLE STATEMENT
Title কুমারসম্ভবম /
Statement of responsibility, etc. কালিদাস
260 ## - PUBLICATION, DISTRIBUTION, ETC. (IMPRINT)
Place of publication, distribution, etc. কলিকাতা :
Name of publisher, distributor, etc. সংস্কৃত পুস্তক ;
Date of publication, distribution, etc. ১৯৯৩
300 ## - PHYSICAL DESCRIPTION
Pagination ২০২ পৃ. ;
Size ১৭ সেমি.
650 ## - SUBJECT ADDED ENTRY--TOPICAL TERM
Topical term or geographic name as entry element সংস্কৃত সাহিত্য
9 (RLIN) 145865
Topical term or geographic name as entry element Sanskrite Literature
9 (RLIN) 145866
700 ## - ADDED ENTRY--PERSONAL NAME
Personal name ভট্রাচার্য, গুরুনাথ বিদ্যানিধি, সম্পাদিওক
942 ## - ADDED ENTRY ELEMENTS (KOHA)
Source of classification or shelving scheme Dewey Decimal Classification
Koha item type Books
Holdings
Lost status Source of classification or shelving scheme Damaged status Not for loan Collection code Permanent Location Current Location Shelving location Date acquired Source of acquisition Cost, normal purchase price Total Checkouts Full call number Date last seen Copy number Koha item type
  Dewey Decimal Classification     Non-fiction Central Library, University of Rajshahi Central Library, University of Rajshahi   26/05/1996 Aligash library, Rajshahi 42.00   B 891.2 KAK 1993 11/08/2016 C-2 Books
  Dewey Decimal Classification     Non-fiction Central Library, University of Rajshahi Central Library, University of Rajshahi   26/05/1996 Aligash library, Rajshahi 42.00   B 891.2 KAK 1993 11/08/2016 C-3 Books
  Dewey Decimal Classification   Not For Loan Non-fiction Central Library, University of Rajshahi Central Library, University of Rajshahi Reading Room 16/09/1981 India International, kolikata. 8.00   B 891.2 KAK 1993 14/02/2017 C-1 Books